000 00581nam a2200217Ia 4500
005 20250508165042.0
008 008 250505s9999 xx 000 0 eng d
020 _a81-248-0032-4
037 _aTextual
040 _aFEDL
_beng
_cFEDL
041 _aeng
_2eng
084 _a822, KAR
_qFEDL
100 _aKarnad Girish
245 0 _aThree plays: Naga-Mandala, Hayavadana, Tughlaq
260 _aOxford, UK
_bOxford University Press
_c1994
300 _a221p.
365 _aINR
_b250
546 _aMACESE
942 _cTEXL
_h822, KAR
999 _c1392844
_d1392844